Loga klubów Premier League 25/26 - Statystyki

Ogólne statystyki
  • Ten quiz został rozwiązany 76 razy
  • Średni wynik to 16 z 20
Statystyki odpowiedzi
Obrazkowy Odpowiedź % Poprawnych
Arsenal F.C
99%
Aston Villa
96%
Liverpool FC
86%
Manchester City
86%
Chelsea
84%
Everton
84%
Manchester United
84%
Brighton & Hove Albion
81%
Leeds United
81%
Fulham
80%
Crystal Palace
78%
Newcastle United
78%
Tottenham Hotspur
78%
Brentford FC
77%
West Ham United
75%
Bournemouth
72%
Burnley FC
72%
Sunderland AFC
70%
Nottingham Forest
67%
Wolverhampton Wanderers
62%
Nie znaleziono quizów pasujących do podanych kryteriów
Rozkład punktacji
Procent ludzi z każdym wynikiem
Percentyl według liczby udzielonych odpowiedzi
Twoja historia wyników
Nie rozwiązałeś tego quizu